| 000 | 00594nam a2200181 a 4500 | ||
|---|---|---|---|
| 001 | 1311 | ||
| 005 | 20140414131922.0 | ||
| 008 | 021205s19uu xx 00 eng d | ||
| 020 | _a0-689-81997-8 | ||
| 050 |
_aER _bT93 1976 |
||
| 100 | _aGinsburg, Mirra | ||
| 245 |
_aTwo greedy bears : _badapted from a Hungarian folk tale / _cby Mirra Ginsburg ; pictures by Jose Aruego & Ariane Dewey. |
||
| 260 |
_a[s.l.] : _bSRA/McGraw-Hill, _c1976. |
||
| 300 | _a1 v. p. : ill. ; cm. | ||
| 520 | _aA clever for teaches two bears a lesson about greed. | ||
| 650 | _aFolkore - Hungary. | ||
| 999 |
_c111782 _d111782 |
||